| 000 | 00488nam a22001577a 4500 | ||
|---|---|---|---|
| 003 | NUST - PNEC | ||
| 005 | 20170116181044.0 | ||
| 008 | 150923b xxu||||| |||| 00| 0 eng d | ||
| 040 | _cLIBRARY | ||
| 082 | _a355.621209 GRE | ||
| 100 |
_911656 _a Great Britain. Ministry of Defence |
||
| 245 |
_aThe acquisition handbook : _ba guide to smart procurement. _c Great Britain. Ministry of Defence |
||
| 260 | _c2002 | ||
| 650 |
_911657 _aArmed Forces--Procurement _xGeneral |
||
| 942 |
_2ddc _cBK |
||
| 999 |
_c68170 _d68170 |
||